000 00285nam a22001337a 4500
008 171011b xxu||||| |||| 00| 0 eng d
020 _a9780072822441
041 _aeng
080 _23RD
_a316
100 _a50
101 _aSOC
245 _aWOMEN'S LIVES
_cKIRK.,G
942 _2udc
_cBK
999 _c33180
_d33180